Normal view
MARC view
- HEINEMAN,STEPHEN.S,GENEVRO,GEORGE.W
Entry Personal Name
001 - CONTROL NUMBER
- control field: 74954
003 - CONTROL NUMBER IDENTIFIER
- control field: NUST
005 - DATE AND TIME OF LATEST TRANSACTION
- control field: 20210628205326.0
008 - FIXED-LENGTH DATA ELEMENTS
- fixed length control field: 210628|| aca||aabn | a|a d
040 ## - CATALOGING SOURCE
- Original cataloging agency: NUST
- Transcribing agency: NUST
100 ## - HEADING--PERSONAL NAME
- Personal name: HEINEMAN,STEPHEN.S,GENEVRO,GEORGE.W
670 ## - SOURCE DATA FOUND
- Source citation: Work cat.: (NUST): HEINEMAN,STEPHEN.S,GENEVRO,GEORGE.W, MACHINE TOOLS PROCESSES AND APPLICATIONS, 1979
